00752nam a2200229Ia 4500008004100000041001200041082001200053100003900065245003800104260003800142300000800180365000800188520001600196546001200212630003800224650001600262655001600278730003800294942000900332999001900341952016200360101110s9999 xx 000 0 und d aENGLISH bSR33440 aAnnapoornaa R., Gabhe Aruna & etc. aMathematics and statistics FYBCom c2009bChetna Publications, Mumbai a432 b210 aStats/Maths aENGLISH aMathematics and statistics FYBCom aStats/Maths aStats/Maths aMathematics and statistics FYBCom cBOOK c825941d825938 00104070aDBJbDBJd0000-00-00eThe bookland books & stationary, Chiplun, bill no.142, dt.g210.00j0l0pDBJSR33440r2010-11-11 00:00:00w2010-11-11yBOOK